000
00234nam a2200097Ia 4500
008
120527s9999 xx 000 0 und d
100
_a
GIDDENE, Duneier
245
_a
Introduction to Sociology
260
_b
WW Norton & Coy
942
_c
BK
999
_c
25458
_d
25458